Statistics for 90 Secs Elements: by Atomic Number

Click here to take the quiz!

General Stats

  • This quiz has been taken 455 times
  • The average score is 76 of 114

Answer Stats

ELEMENT% Correct
4Beryllium
99%
2Helium
98%
1Hydrogen
98%
3Lithium
98%
5Boron
97%
8Oxygen
96%
6Carbon
95%
9Fluorine
95%
7Nitrogen
95%
10Neon
92%
11Sodium
91%
20Calcium
89%
19Potassium
89%
12Magnesium
88%
16Sulfur
88%
18Argon
87%
17Chlorine
87%
27Cobalt
87%
28Nickel
87%
15Phosphorus
87%
14Silicon
87%
13Aluminium
86%
29Copper
86%
21Scandium
85%
23Vanadium
85%
24Chromium
84%
26Iron
84%
25Manganese
84%
31Gallium
83%
32Germanium
82%
22Titanium
82%
30Zinc
82%
33Arsenic
80%
82Lead
80%
81Thallium
80%
79Gold
79%
80Mercury
79%
77Iridium
78%
78Platinum
77%
50Tin
77%
47Silver
76%
48Cadmium
75%
49Indium
75%
76Osmium
75%
36Krypton
74%
44Ruthenium
74%
34Selenium
74%
35Bromine
73%
52Tellurium
73%
85Astatine
72%
53Iodine
72%
46Palladium
72%
84Polonium
72%
45Rhodium
72%
37Rubidium
72%
51Antimony
71%
38Strontium
71%
83Bismuth
70%
39Yttrium
68%
55Cesium
67%
87Francium
67%
54Xenon
67%
89Actinium
66%
86Radon
66%
56Barium
65%
41Niobium
65%
88Radium
65%
42Molybdenum
64%
91Protactinium
64%
40Zirconium
64%
90Thorium
63%
95Americium
62%
57Lanthanum
61%
93Neptunium
61%
94Plutonium
61%
43Technetium
60%
92Uranium
60%
75Rhenium
58%
73Tantalum
56%
97Berkelium
54%
96Curium
54%
74Tungsten
54%
72Hafnium
53%
58Cerium
52%
71Lutetium
51%
98Californium
50%
59Praseodymium
50%
60Neodymium
48%
99Einsteinium
47%
70Ytterbium
47%
64Gadolinium
46%
101Mendelevium
46%
61Promethium
46%
69Thulium
46%
65Terbium
44%
66Dysprosium
43%
68Erbium
43%
63Europium
43%
100Fermium
43%
67Holmium
43%
102Nobelium
43%
62Samarium
43%
104Rutherfordium
37%
105Dubnium
36%
103Lawrencium
36%
106Seaborgium
33%
107Bohrium
32%
109Meitnerium
30%
110Darmstadtium
29%
108Hassium
29%
114Flerovium
27%
111Roentgenium
27%
112Copernicium
26%
116Livermorium
18%

Score Distribution

Percentile by Number Answered

Percent of People with Each Score

Your Score History

You have not taken this quiz